000
00353nam a2200133Ia 4500
008
151001s9999||||xx |||||||||||||| ||und||
100
_a
B.H liddel Hard
245
_a
Fouch vol.2
250
_a
-
260
_b
Penguin Books
260
_c
1937
300
_a
526
365
_b
7
999
_c
949631
_d
949628